| 000 | 01232nam a2200217Ia 4500 | ||
|---|---|---|---|
| 003 | Ost | ||
| 005 | 20260507075727.0 | ||
| 008 | 260507s9999||||xx |||||||||||||| ||und|| | ||
| 020 | _a307019906 | ||
| 040 | _cfsecg | ||
| 041 | _aara | ||
| 082 | _a658.313 | ||
| 100 |
_aالدريعي، سامي عبد الله _eمؤلف |
||
| 245 | 0 |
_aضوابط فصل العامل لاسباب اقتصادية في القانون الفرنسي / _c سامي عبد الله الدريعي |
|
| 260 |
_aالكويت: _bمجلس النشر العلمي, _c2002 |
||
| 300 | _a178 صفحة؛ | ||
| 504 | _aبيبليوغرافيا : ص. 186 | ||
| 520 | _aفي هذا الكتاب : الضوابط الموضوعية لفصل العامل لاسباب اقتصادية المقصود بالسبب الاقتصادي لفصل العامل في القانون الفرنسي ، موقف المشروع الكويتي من فصل لاسباب اقتصادية الضوابط الشكلية للفصل لاسباب اقتصادية اجراءات الفصل الفردي لأسباب اقتصادية اجراءات الفصل الجماعي لأسباب اقتصادية | ||
| 653 | _aالموظفون-طرد | ||
| 942 | _cكتاب | ||
| 999 |
_c45995 _d45995 |
||